000 00339pab a2200145 454500
008 180718b1987 xxu||||| |||| 00| 0 eng d
100 _aNixon, P.G.
245 _aBureaucracy and innovation
260 _c1987
300 _a280-98
362 _aSummer
650 _aBureaucracy
773 _aCanadian Public Administration
909 _a4955
999 _c4955
_d4955